00599nam a22002177a 450000500170000001000110001702000090002803500110003703700160004804000120006408200170007610000140009324501080010725000110021526000350022627000350026130000310029650000200032765000090034765000250035620170124110008.0 a197152 c7.00 a197152 bCen Lib/Ret aDPLbEN a352.054bDAS aDas, R.C. aCommentaries on the U.P. panchayat raj act :cby R.C. Das bthe rules & forms and case law up-to-date / a2nd ed aAllahabad bCentral law agency bAllahabada11, university road avarious pagings c22cm(Hb) aIncludes index  aLaw  aPanchatyati rajzU.P